00808nam a22002297a 4500003001100000005001700011008004100028020001800069040003900087041000800126082001500134100001900149245010200168260005700270300002000327650005900347650003200406700002900438942000700467952008900474999001500563LK-CoMWRAF20230915230853.0230915b2008 |||||||| |||| 00| 0 eng d a9789551274429 aLK-CoMWRAFdLK-CoMWRAFeLK-CoMWRAF aeng a305.8bPER aPerera, Jehan. aA dove sits on my shoulder: banalyses of the continuing ethnic conflict in Sri Lanka, 2007-2008  aColombo:bNational Peace Council of Sri Lanka,c2008 a469 p. ; 23 cm. aTAMIL (INDIC PEOPLE)-Politics and government-Sri Lanka aEthnic relations- Sri Lanka a Withanage, Thushaleed. cBK 00104070aMAINbMAINd2023-09-15l0o305.8 PERpRAF653r2023-09-15w2023-09-15yBK c3571d3571